000 00657nas a2200229 4500
001 BR4600198
003 BR-BrBNA
005 20231205081847.0
007 ta
008 230509b bl.|||p| |||| 00| 00por d
040 _aBR-BrBNA
_bpor
_cBiblioteca Nacional de Agricultura
041 _a(Pt)
072 _aL72
100 1 _aFreire, J.J.
245 1 _aIsosporose canina Isospora felis Wenyon., 1923
650 _aPARASITO DE ANIMAL
650 _aISOSPOROSE
650 _aCAO
773 0 _tBoletim da Diretoria da Producao Animal (Brazil)
_x
_g(Nov 1946), v. 2(4) p. 30-34
_wBR4600198
909 _a202311
_bLúcia
_c55
_dLúcia Elande
942 _2AGRIS
_n0
_cANA
999 _c87404
_d87404